<?xml version="1.0" encoding="UTF-8"?>
<record
    xmlns:xsi="http://www.w3.org/2001/XMLSchema-instance"
    xsi:schemaLocation="http://www.loc.gov/MARC21/slim http://www.loc.gov/standards/marcxml/schema/MARC21slim.xsd"
    xmlns="http://www.loc.gov/MARC21/slim">

  <leader>03207nam a22001817a 4500</leader>
  <controlfield tag="003">OSt</controlfield>
  <controlfield tag="005">20260407080505.0</controlfield>
  <controlfield tag="008">260407b        |||||||| |||| 00| 0 eng d</controlfield>
  <datafield tag="040" ind1=" " ind2=" ">
    <subfield code="a">LC</subfield>
    <subfield code="b">ENG</subfield>
    <subfield code="c">LC</subfield>
    <subfield code="d">ABK</subfield>
    <subfield code="e">RDA</subfield>
  </datafield>
  <datafield tag="082" ind1=" " ind2=" ">
    <subfield code="2">23rd ed.</subfield>
    <subfield code="a">348.0496761</subfield>
    <subfield code="b">UGA</subfield>
  </datafield>
  <datafield tag="245" ind1=" " ind2=" ">
    <subfield code="a">The Uganda law reports [2017] U. L. R / </subfield>
    <subfield code="c">Edited by Rose Kawesa Nalule</subfield>
  </datafield>
  <datafield tag="260" ind1=" " ind2=" ">
    <subfield code="a">Kampala :</subfield>
    <subfield code="b">Law development centre ;</subfield>
    <subfield code="c">c2017.</subfield>
  </datafield>
  <datafield tag="300" ind1=" " ind2=" ">
    <subfield code="a">xlvi, 589 pages ;</subfield>
    <subfield code="c">25 cm</subfield>
  </datafield>
  <datafield tag="505" ind1=" " ind2=" ">
    <subfield code="a">TABLE OF CONTENTS 
INDEX OF CASES REPORTED..... 
SUBJECT MATTER INDEX. 
INDEX OF LEGISLATION CONSIDERED. 
INDEX OF CASES CITED. 
DIGESTS &amp; JUDGMENTS. 
INDEX OF CASES REPORTED 
ANUP SINGH CHOUDRY VS NATIONAL WATER AND SEWERA 
CORPORATION (HC)........ 
ASAPH RUHINDANTENGYE AND ANOTHER VS ATTORNEY 
GENERAL (CC)........ 
AYIKO MAWA SOLOMON VS LEKURU ANNET AYIKO (HC). 
BUKENYA CHURCH AMBROSE VS ATTORNEY GENERAL (SC).. 
CENTER FOR HEALTH, HUMAN RIGHTS AND DEVELOPMENT AND 
OTHERS VS THE EXECUTIVE DIRECTOR, MULAGO HOSPITAL AND ANOTHER (HC)... 
CHEMICAL DISTRIBUTORS (U) LIMITED AND 3 OTHERS VS BYARUHAN 
SILVER (HC)............ 
CHRISTOPHER NSEREKO AND ANOTHER VS EDWARD NDAWULA 
KAWEESI (CA)........ 
COLGATE PALMOLIVE COMPANY LIMITED VS SOMBE SUPER 
MARKET LIMITED (HC)...... 
EDEN INTERNATIONAL SCHOOL LIMITED VS EAST AFRICAN 
DEVELOPMENT BANK (HC)............... 
EPHRAIM RWABU KAMUNTU VS ATTORNEY GENERAL (HC)........... 
GLORY RANCHERS LIMITED VS ATTORNRY GENERAL AND 
ANOTHER (HC)..... 
IN THE MATTER OF AN APPLICATION ADJUDGING KHALID 
LATIFF A PERSON OF UNSOUND MIND (HC)......... 
IN A MATTER OF THE RECIPROCAL ENFORCEMENT OF 
FOREIGN JUDGMENTS ACT, CAP 21 (HC)...... 
JOHN KIZITO VS BANK OF UGANDA (HC)........... 
JOHN SANYU KATURAMU VS ATTORNEY GENERAL (SC).. 
JUSTICE MURANGIRA JOSEPH V'S ATTORNEY GENERAL (CC)..... 
LAW DEVELOPMENT CENTRE VS DANIEL SERUFUSA WASSWA AND 
THE ATTORNEY GENERAL (THIRD PARTY) (HC)... 
MATTHEW RUKIKAIRE VS INCAFEX LIMITED (SC)... 
MEERA INVESTMENTS LIMITED VS SADRDIN GULAMHUSSEIN 
AND ANOTHER (HC)........ 
MURISHO SHAFI AND OTHERS VS ATTORNEY GENERAL AND 
ANOTHER (CC)... 
MUWANGA KIVUMBI VS ATTORNEY GENERAL (SC)...... 
MWESIGE TADEO AND 2 OTHERS VS UGANDA (CA).. 
NATIONAL SOCIAL SECURITY FUND VS MAKERERE UNIVERSTY T/A MAKERERE UNIVERSTY GUEST HOUSE (HC)................ 
OCAYA ALIAS KILENGA VS UGANDA (CA).... 
ODONGA ALEX ORYANG VS NABILLAH NAGGAYI SEMPALA AND 
OTHERS (CC)............
OLANDO DIFASI AND OTHERS VS ONO ZACHARIA (CA).................... 
OMONA KIZITO VS MARIE STOPES UGANDA (HC)... 
48 
PETITION FOR A RECEIVING ODER BY UZAIRU AHAMEDA 
MAGALA (DEBTOR) (HC)...... 
SUDHIR RUPARELIA Vs MMAKS ADVOCATES AND 3 OTHERS (HC).....
THE BOARD OF GOVERNORS, KAGUNGA SEED SECONDARY SCHOOL 
V's NYAKIBALE SACCO (HC).. 
UGANDA REVENUE AUTHORITY VS RABBO ENTERPRISES (U) LIMITED 
AND ANOTHER (SC).. 
UGANDA V'S SENTONGO PATRICK AND 5 OTHERS (HC).. 
UGANDA V/S SHEIKH SIRAJE KAWOOYAAND 13 OTHERS (HC). 
VICTORIA BEST LIMITED VS UGANDA INVESTMENTS AUTHORITY 
AND SURG PHAM (U) LIMITED (CA).. 
WILLIAM SEMWATIKA KIBIRANGO VS MAKERERE UNIVERSITY (CA).. </subfield>
  </datafield>
  <datafield tag="650" ind1=" " ind2=" ">
    <subfield code="a">Uganda law reports</subfield>
    <subfield code="9">67647</subfield>
  </datafield>
  <datafield tag="700" ind1=" " ind2=" ">
    <subfield code="a">Nalule Rose Kawesa</subfield>
    <subfield code="9">67666</subfield>
  </datafield>
  <datafield tag="942" ind1=" " ind2=" ">
    <subfield code="2">ddc</subfield>
    <subfield code="c">BOOK</subfield>
  </datafield>
  <datafield tag="999" ind1=" " ind2=" ">
    <subfield code="c">40176</subfield>
    <subfield code="d">40175</subfield>
  </datafield>
  <datafield tag="952" ind1=" " ind2=" ">
    <subfield code="0">0</subfield>
    <subfield code="1">0</subfield>
    <subfield code="2">ddc</subfield>
    <subfield code="4">0</subfield>
    <subfield code="7">0</subfield>
    <subfield code="a">LLB</subfield>
    <subfield code="b">LLB</subfield>
    <subfield code="d">2026-04-07</subfield>
    <subfield code="l">0</subfield>
    <subfield code="o">348.0496761 UGA</subfield>
    <subfield code="p">14959</subfield>
    <subfield code="r">2026-04-07 06:57:00</subfield>
    <subfield code="w">2026-04-07</subfield>
    <subfield code="y">BOOK</subfield>
  </datafield>
</record>
